000 00693nam a2200241Ia 4500
003 OSt
005 20221007070723.0
006 a|||||r|||| 00| 0
007 ta
008 221006b |||||||| |||| 00| 0 eng d
020 _a9789350359877
024 _a44,719
037 _cTextual
040 _aFLL
_cFLL
_beng
041 _2eng
_aeng
082 _aY11:45(Z2), Q7
100 _aKUMARI Ved
245 0 _aJuvenile justice ( Care and protection of children ) act 2015
_b Critical analyses
260 _aGurgaon
_bUniversal Law Publishing India
_c2017
300 _axx,216p.
_ccm.
942 _hY11:45(Z2), Q7
_cTEXL
_2CC
999 _c1141348
_d1141348